000 00294nam a22001337a 4500
008 170913b xxu||||| |||| 00| 0 eng d
020 _a0226288641
041 _aeng
080 _a53
100 _a43
101 _aFIZ
245 _aGENERAL RELATIVITY FROM A TO B
_cGEROCH,R
942 _2udc
_cBK
999 _c27429
_d27429